Tesoros de la pintura en la Pinacoteca de Munich / (Record no. 67423)

MARC details
000 -LEADER
campo de control de longitud fija 00768nam a2200217 i 4500
001 - NÚMERO DE CONTROL
campo de control 67423
003 - IDENTIFICADOR DE NÚMERO DE CONTROL
campo de control ES-MaACL
005 - FECHA Y HORA DE LA ÚLTIMA TRANSACCIÓN
campo de control 20250829045822.0
007 - CAMPO FIJO DE DESCRIPCIÓN FÍSICA--INFORMACIÓN GENERAL
campo de control de longitud fija t|
008 - DATOS DE LONGITUD FIJA--INFORMACIÓN GENERAL
campo de control de longitud fija 190701s1971 sp ||||0| spa d
100 1# - ENTRADA PRINCIPAL--NOMBRE DE PERSONA
Nombre de persona Dube, Wolf-Dieter.
9 (RLIN) 156881
245 10 - MENCIÓN DEL TÍTULO
Título Tesoros de la pintura en la Pinacoteca de Munich /
Mención de responsabilidad, etc. Wolf-Dieter Dube ; traducción de Pilar Casanova de Massot.
260 ## - PUBLICACIÓN, DISTRIBUCIÓN, ETC.
Lugar de publicación, distribución, etc. Madrid :
Nombre del editor, distribuidor, etc. Daimon,
Fecha de publicación, distribución, etc. 1971.
300 ## - DESCRIPCIÓN FÍSICA
Extensión 304 p., 26 lam. :
Otras características físicas il. ;
Dimensiones 22 cm.
490 1# - MENCIÓN DE SERIE
Mención de serie Colección "Tesoros de los Grandes Museos ;
Designación de volumen o secuencia 9
610 24 - PUNTO DE ACCESO ADICIONAL DE MATERIA--NOMBRE DE ENTIDAD CORPORATIVA
Nombre de entidad corporativa o nombre de jurisdicción como elemento de entrada Alte Pinakothek (Munich)
9 (RLIN) 145232
700 1# - ENTRADA AGREGADA--NOMBRE PERSONAL
Nombre de persona Casanova de Massot, P.
9 (RLIN) 36111
830 00 - PUNTO DE ACCESO ADICIONAL DE SERIE-TÍTULO UNIFORME
Título uniforme Colección "Tesoros de los grandes museos"
Designación de volumen o secuencia 9
9 (RLIN) 178969
852 ## - LOCALIZACIÓN
Ubicación ES-MaACL
Número de control de estantería P-583-Bis-9
Holdings
Estatus retirado Estado de pérdida Estado de daño No para préstamo Biblioteca de origen Biblioteca actual Ubicación en estantería Fecha de adquisición Fuente de adquisición Total de préstamos Signatura topográfica completa Código de barras Visto por última vez Precio de reemplazo Tipo de ítem Koha
        Biblioteca del Ateneo de Madrid Biblioteca del Ateneo de Madrid Depósito 2 01/07/2019     P-583-Bis-9 1200952 23/02/2023 23/02/2023 Libro impreso